| 000 | 01265pam a22004334a 4500 | ||
|---|---|---|---|
| 005 | 20260322212041.0 | ||
| 008 | data | ||
| 010 | _a 2004007109 | ||
| 020 | _a9780684314061 (v. 1) | ||
| 020 | _a0684314061 (v. 1) | ||
| 020 | _z978068431407X (v. 2) | ||
| 020 | _a068431407X (v. 2) | ||
| 020 | _a0684314053 (set) | ||
| 020 | _a9780684314068 (v. 1) | ||
| 040 |
_aDLC _cDLC |
||
| 041 | 0 | 9 | _aeng |
| 042 |
_anlmcopyc _anlmcopyc |
||
| 044 | _9United States | ||
| 050 | 0 | 0 |
_aGT3020 _b.T594 2004 |
| 060 | 1 | 0 |
_aWM 13 _bT628 2005 |
| 082 | 0 | 0 |
_a394.1/4 _222 |
| 092 | _a394.1 T628 2005 | ||
| 245 | 0 | 0 |
_aTobacco in history and culture : _ban encyclopedia / _cedited by Jordan Goodman. |
| 260 |
_aDetroit : _bThomson Gale, _cc2005. |
||
| 300 |
_a2 v. (xvi, 738 p.) : _bill., ports. |
||
| 490 | 1 | _aScribner turning points library | |
| 504 | _aIncludes bibliographical references and index. | ||
| 505 | 0 | _av. 1. Addiction--Music, popular -- v. 2. Native Americans--Zimbabwe. | |
| 650 | 1 | 2 | _aSmoking |
| 650 | 1 | 2 | _aTobacco |
| 655 | 2 | _aEncyclopedias | |
| 700 | 1 | _aGoodman, Jordan. | |
| 830 | 0 | _aScribner turning points library. | |
| 986 | _aJCY20041124 | ||
| 992 |
_pP2 _eE4 _a20041213 |
||
| 993 |
_aOXS _b20041215 |
||
| 994 |
_aCDN _b20041216 |
||
| 001 | data | ||
| 999 |
_c957 _d957 |
||